[Event "Zlin Region-chT 2223"]
[Site "Czech Republic"]
[Date "2023.03.19"]
[Round "10.7"]
[White "Dvoracek, Roman"]
[Black "Horsak, Jan"]
[Result "1/2-1/2"]
[WhiteElo "1622"]
[BlackElo "2064"]
[PlyCount "68"]
[EventDate "2022.10.09"]
[EventType "team-tourn"]
[EventRounds "11"]
[EventCountry "CZE"]
[SourceTitle "EXT 2024"]
[Source "ChessBase"]
[SourceDate "2023.10.10"]
[SourceVersion "1"]
[SourceVersionDate "2023.10.10"]
[SourceQuality "1"]
[WhiteTeam "Usti Sokol"]
[BlackTeam "Stare Mesto II"]
[WhiteTeamCountry "CZE"]
[BlackTeamCountry "CZE"]

1. e4 g6 2. c3 Bg7 3. d4 c5 4. Nf3 Nf6 5. e5 Ng4 6. h3 Nh6 7. Bd3 cxd4 8. cxd4 d6 9. 0-0 Nc6 10. Re1 0-0 11. Nc3 dxe5 12. dxe5 Nb4 13. Be4 Qa5 14. a3 Nc6 15. Bf4 Rd8 16. Qc1 Nf5 17. b4 Qb6 18. Nd5 Rxd5 19. Bxd5 a5 20. Qc4 e6 21. Bxc6 bxc6 22. Red1 Bf8 23. Rac1 axb4 24. axb4 Bxb4 25. Qxc6 Qxc6 26. Rxc6 Bb7 27. Rc7 Bxf3 28. gxf3 Rf8 29. Kg2 Be7 30. Rdc1 Bd8 31. Rc8 Nh4+ 32. Kg3 Nf5+ 33. Kg2 Nh4+ 34. Kg3 Nf5+ 1/2-1/2

[Event "Zlin Region-chT 2223"]
[Site "Czech Republic"]
[Date "2022.10.09"]
[Round "1.4"]
[White "Navratilik, Pavel"]
[Black "Horsak, Jan"]
[Result "1/2-1/2"]
[WhiteElo "2028"]
[BlackElo "2064"]
[PlyCount "22"]
[EventDate "2022.10.09"]
[EventType "team-tourn"]
[EventRounds "11"]
[EventCountry "CZE"]
[SourceTitle "EXT 2024"]
[Source "ChessBase"]
[SourceDate "2023.10.10"]
[SourceVersion "1"]
[SourceVersionDate "2023.10.10"]
[SourceQuality "1"]
[WhiteTeam "Postoupky Sokol"]
[BlackTeam "Stare Mesto II"]
[WhiteTeamCountry "CZE"]
[BlackTeamCountry "CZE"]

1. d4 Nf6 2. c4 g6 3. Nc3 Bg7 4. g3 0-0 5. Bg2 c6 6. Nf3 d5 7. cxd5 Nxd5 8. 0-0 Na6 9. e4 Nxc3 10. bxc3 c5 11. Be3 Qa5 1/2-1/2

[Event "CZE-chT2E 1920"]
[Site "Czech Republic"]
[Date "2019.12.15"]
[Round "5.5"]
[White "Hosek, Martin"]
[Black "Horsak, Jan"]
[Result "1-0"]
[WhiteElo "2152"]
[BlackElo "2046"]
[PlyCount "71"]
[EventDate "2019.10.13"]
[EventType "team-tourn"]
[EventRounds "11"]
[EventCountry "CZE"]
[SourceTitle "EXT 2024"]
[Source "ChessBase"]
[SourceDate "2023.10.10"]
[SourceVersion "1"]
[SourceVersionDate "2023.10.10"]
[SourceQuality "1"]
[WhiteTeam "Jundrov Jezdci"]
[BlackTeam "Stare Mesto II"]
[WhiteTeamCountry "CZE"]
[BlackTeamCountry "CZE"]

1. d4 Nf6 2. c4 g6 3. Nc3 Bg7 4. e4 d6 5. f3 0-0 6. Be3 e5 7. Nge2 exd4 8. Nxd4 Nc6 9. Qd2 Nxd4 10. Bxd4 a6 11. Be2 b6 12. 0-0 Bb7 13. Rac1 Qd7 14. Rfd1 Rac8 15. Kh1 Rfe8 16. Rc2 Qe6 17. Nd5 Nd7 18. Bxg7 Kxg7 19. b4 Qe5 20. f4 Qe6 21. Bf3 Kg8 22. a3 Ba8 23. h3 Nf6 24. Qd4 Nxd5 25. cxd5 Qd7 26. Qd3 f5 27. Qxa6 h5 28. Qd3 Qf7 29. Re2 fxe4 30. Bxe4 Kg7 31. Rf1 Re7 32. f5 Rce8 33. f6+ Kh6 34. Bxg6 Qxd5 35. Qxd5 Rxe2 36. Qxh5# 1-0

[Event "CZE-chT1E 1920"]
[Site "Czech Republic"]
[Date "2019.11.24"]
[Round "3.4"]
[White "Horsak, Jan"]
[Black "Sikora, Matous"]
[Result "1-0"]
[WhiteElo "2046"]
[BlackElo "2046"]
[PlyCount "121"]
[EventDate "2019.10.20"]
[EventType "team-tourn"]
[EventRounds "11"]
[EventCountry "CZE"]
[SourceTitle "CBM 193 Extra"]
[Source "ChessBase"]
[SourceDate "2020.01.31"]
[SourceVersion "1"]
[SourceVersionDate "2020.01.31"]
[SourceQuality "1"]
[WhiteTeam "Stare Mesto"]
[BlackTeam "Orlova Slavia"]
[WhiteTeamCountry "CZE"]
[BlackTeamCountry "CZE"]

1. c4 Nf6 2. g3 e6 3. Bg2 d5 4. Nf3 Be7 5. 0-0 0-0 6. Qc2 Nbd7 7. d3 c5 8. a3 b6 9. Bd2 Bb7 10. b4 Qc7 11. Nc3 a6 12. cxd5 Nxd5 13. Nxd5 Bxd5 14. Rfc1 Rfc8 15. bxc5 Bxc5 16. Qb2 Qa7 17. e4 Bc6 18. Bc3 Bf8 19. Nd4 Bb7 20. Rab1 Rab8 21. Nb3 Bc6 22. d4 Qa8 23. Re1 b5 24. Bb4 Nb6 25. Bxf8 Nc4 26. Qa2 Rxf8 27. Rbd1 Rfd8 28. Nc5 Rd6 29. a4 Nb6 30. axb5 axb5 31. Qb2 Na4 32. Qb4 Nxc5 33. Qxc5 Rdd8 34. Ra1 Qb7 35. Ra7 Qb6 36. Qxb6 Rxb6 37. d5 Bd7 38. Rc1 Kf8 39. Rcc7 Ke8 40. e5 b4 41. d6 Rbb8 42. Rxd7 Rxd7 43. Bc6 Rbd8 44. Rb7 f6 45. f4 b3 46. Rxb3 Kf7 47. Bxd7 Rxd7 48. Kf2 g5 49. Ke3 h5 50. Kd4 h4 51. Kc5 hxg3 52. hxg3 gxf4 53. gxf4 fxe5 54. fxe5 Ke8 55. Rb8+ Rd8 56. Rxd8+ Kxd8 57. Kd4 Ke8 58. Ke4 Kd7 59. Kf4 Ke8 60. Kg5 Kf7 61. Kh6 1-0

[Event "CZE-chT1E 1819"]
[Site "Czech Republic"]
[Date "2019.03.03"]
[Round "9.7"]
[White "Horsak, Jan"]
[Black "Jirousek, Jan"]
[Result "0-1"]
[WhiteElo "2031"]
[BlackElo "1847"]
[PlyCount "66"]
[EventDate "2018.10.21"]
[EventType "team-tourn"]
[EventRounds "11"]
[EventCountry "CZE"]
[SourceTitle "CBM 189 Extra"]
[Source "ChessBase"]
[SourceDate "2019.06.03"]
[SourceVersion "1"]
[SourceVersionDate "2019.06.03"]
[SourceQuality "1"]
[WhiteTeam "Stare Mesto"]
[BlackTeam "Polabiny III"]
[WhiteTeamCountry "CZE"]
[BlackTeamCountry "CZE"]

1. c4 e6 2. g3 d5 3. Bg2 Nf6 4. Nf3 Be7 5. 0-0 0-0 6. Qc2 c5 7. d4 cxd4 8. Rd1 Nc6 9. cxd5 Nxd5 10. a3 Bd7 11. b4 Rc8 12. Qd3 Qb6 13. Bb2 Bf6 14. Nbd2 Nc3 15. Bxc3 dxc3 16. Ne4 Rfd8 17. Nxf6+ gxf6 18. Qxc3 e5 19. Rd6 Be6 20. Rxd8+ Qxd8 21. Qe3 a6 22. h4 Ne7 23. Rc1 Rxc1+ 24. Qxc1 b6 25. Nd2 Bd5 26. Ne4 Kg7 27. h5 h6 28. Nxf6 Bxg2 29. Ng4 Qd6 30. Kxg2 Nf5 31. Qc3 f6 32. Qc8 Ne7 33. Ne3 Nxc8 0-1

[Event "CZE-chT1E 1819"]
[Site "Czech Republic"]
[Date "2019.02.17"]
[Round "8.6"]
[White "Horsak, Jan"]
[Black "Lojek, Marek"]
[Result "0-1"]
[WhiteElo "2031"]
[BlackElo "2196"]
[PlyCount "66"]
[EventDate "2018.10.21"]
[EventType "team-tourn"]
[EventRounds "11"]
[EventCountry "CZE"]
[SourceTitle "CBM 189 Extra"]
[Source "ChessBase"]
[SourceDate "2019.06.03"]
[SourceVersion "1"]
[SourceVersionDate "2019.06.03"]
[SourceQuality "1"]
[WhiteTeam "Stare Mesto"]
[BlackTeam "Orlova Slavia"]
[WhiteTeamCountry "CZE"]
[BlackTeamCountry "CZE"]

1. c4 Nf6 2. g3 c5 3. Bg2 Nc6 4. Nc3 g6 5. d3 Bg7 6. Bg5 h6 7. Bxf6 Bxf6 8. Qd2 d6 9. h4 h5 10. Nh3 Bd7 11. 0-0 Qa5 12. Rab1 0-0 13. a3 Rab8 14. Nf4 Bxc3 15. bxc3 Kh7 16. Be4 f5 17. Nxg6 fxe4 18. Nxf8+ Rxf8 19. Rxb7 Bc8 20. Rb5 Qd8 21. dxe4 Ba6 22. Qd5 Qe8 23. f4 Bxb5 24. cxb5 Nd8 25. Rf3 Qf7 26. Qd3 c4 27. Qd4 Ne6 28. Qxa7 Nc5 29. e5 Qe6 30. b6 dxe5 31. b7 Qd6 32. fxe5 Qd1+ 33. Kf2 Nd3+ 0-1

[Event "CZE-chT2E 1819"]
[Site "Czech Republic"]
[Date "2019.01.27"]
[Round "7.5"]
[White "Fojtik, Tomas"]
[Black "Horsak, Jan"]
[Result "0-1"]
[WhiteElo "2076"]
[BlackElo "2031"]
[PlyCount "104"]
[EventDate "2018.10.14"]
[EventType "team-tourn"]
[EventRounds "11"]
[EventCountry "CZE"]
[SourceTitle "EXT 2022"]
[Source "ChessBase"]
[SourceDate "2021.10.06"]
[SourceVersion "1"]
[SourceVersionDate "2021.10.06"]
[SourceQuality "1"]
[WhiteTeam "Lipovec Garde"]
[BlackTeam "Stare Mesto II"]
[WhiteTeamCountry "CZE"]
[BlackTeamCountry "CZE"]

1. d4 Nf6 2. Nf3 g6 3. g3 Bg7 4. Bg2 0-0 5. 0-0 d5 6. c4 dxc4 7. Na3 c3 8. bxc3 c5 9. Ne5 Nbd7 10. Nac4 Nxe5 11. Nxe5 Nd5 12. Bb2 Rb8 13. c4 Nb4 14. a3 Na6 15. d5 Qc7 16. Nd3 Bxb2 17. Nxb2 Rd8 18. Qc2 Bd7 19. Rfc1 e6 20. Nd3 exd5 21. Bxd5 Qd6 22. Rd1 Nc7 23. Bg2 b6 24. Qc3 Ba4 25. Rd2 Qd4 26. Rc1 Ne6 27. e3 Qxc3 28. Rxc3 Rd6 29. Rb2 Rbd8 30. Bd5 Bc6 31. e4 Ng5 32. Ne5 Nxe4 33. Nxc6 Nxc3 34. Nxd8 Rxd8 35. Bf3 Rd3 36. Kg2 Na4 37. Ra2 Rc3 38. Bd5 Kf8 39. Ra1 Rc2 40. Re1 Nc3 41. Bc6 Ra2 42. Re8+ Kg7 43. Re7 Rxa3 44. f3 Nd1 45. Rb7 Ne3+ 46. Kf2 Nxc4 47. Bd5 Ne5 48. f4 Rd3 49. fxe5 Rxd5 50. Rxa7 Rxe5 51. Rb7 Re6 52. Kf3 Kf6 0-1

[Event "CZE-chT1E 1718"]
[Site "Czech Republic"]
[Date "2018.02.18"]
[Round "8.5"]
[White "Horsak, Jan"]
[Black "Vraj, Karel"]
[Result "1-0"]
[WhiteElo "2113"]
[BlackElo "1879"]
[PlyCount "123"]
[EventDate "2017.10.22"]
[EventType "team-tourn"]
[EventRounds "11"]
[EventCountry "CZE"]
[SourceTitle "EXT 2019"]
[Source "ChessBase"]
[SourceDate "2018.10.10"]
[SourceVersion "1"]
[SourceVersionDate "2018.10.10"]
[SourceQuality "1"]
[WhiteTeam "Stare Mesto"]
[BlackTeam "Hostalkova"]
[WhiteTeamCountry "CZE"]
[BlackTeamCountry "CZE"]

1. c4 e6 2. g3 g6 3. Nc3 Bg7 4. Bg2 Ne7 5. d3 c5 6. Be3 d6 7. Qc1 Nf5 8. Bd2 Nc6 9. g4 Nfd4 10. e3 Nb4 11. Kf1 Ndc6 12. Bxc6+ Nxc6 13. Nf3 b6 14. e4 Bb7 15. Bg5 Qd7 16. Bh6 Bxh6 17. Qxh6 0-0-0 18. Rd1 Nd4 19. Nxd4 cxd4 20. Nb5 f5 21. gxf5 exf5 22. Rg1 fxe4 23. dxe4 a6 24. Nxd4 Bxe4 25. Rg3 Rhf8 26. Qh3 Qxh3+ 27. Rxh3 Rf7 28. Re3 Bf5 29. Rf3 Kd7 30. Ra3 Rdf8 31. Rd2 Ra8 32. b4 Be4 33. Re3 Re8 34. f3 Bb7 35. Kf2 Rxe3 36. Kxe3 Rf6 37. a4 Rf8 38. Rb2 Rc8 39. Rc2 Bc6 40. Ra2 Bb7 41. Kd3 Rf8 42. a5 Bxf3 43. axb6 Bb7 44. c5 dxc5 45. bxc5 Rf6 46. Ke3 g5 47. Rb2 Rf8 48. Ra2 Rf7 49. Rd2 Re7+ 50. Kd3 Bd5 51. Rd1 Rf7 52. Ra1 Bb7 53. Ra2 h5 54. Kc3 g4 55. Rd2 Bd5 56. Ne2 Kc6 57. Kb4 h4 58. Nc3 g3 59. Nxd5 gxh2 60. Rxh2 Kxd5 61. Rxh4 a5+ 62. Kb5 1-0

[Event "CZE-chT1E 1718"]
[Site "Czech Republic"]
[Date "2018.01.21"]
[Round "6.4"]
[White "Horsak, Jan"]
[Black "Chwistek, Karel"]
[Result "1-0"]
[WhiteElo "2113"]
[BlackElo "2015"]
[PlyCount "59"]
[EventDate "2017.10.22"]
[EventType "team-tourn"]
[EventRounds "11"]
[EventCountry "CZE"]
[SourceTitle "EXT 2019"]
[Source "ChessBase"]
[SourceDate "2018.10.10"]
[SourceVersion "1"]
[SourceVersionDate "2018.10.10"]
[SourceQuality "1"]
[WhiteTeam "Stare Mesto"]
[BlackTeam "Opava KVS"]
[WhiteTeamCountry "CZE"]
[BlackTeamCountry "CZE"]

1. c4 e5 2. g3 Nc6 3. Bg2 f5 4. Nc3 Nf6 5. d3 Bc5 6. Nf3 0-0 7. Bg5 h6 8. Bxf6 Rxf6 9. Nd5 Rf8 10. 0-0 d6 11. a3 a5 12. Rb1 f4 13. b4 axb4 14. axb4 Ba7 15. b5 Ne7 16. Nh4 Nxd5 17. Bxd5+ Kh7 18. Be4+ Kg8 19. Qb3 Bc5 20. Bd5+ Rf7 21. d4 Bxd4 22. e3 Bc5 23. exf4 exf4 24. Qf3 g5 25. Bxf7+ Kxf7 26. Qh5+ Ke7 27. Rbe1+ Be6 28. Rxe6+ Kxe6 29. Re1+ Be3 30. Nf3 1-0

[Event "CZE-chT1E 1718"]
[Site "Czech Republic"]
[Date "2017.11.12"]
[Round "2.2"]
[White "Stalmach, Richard"]
[Black "Horsak, Jan"]
[Result "1-0"]
[WhiteElo "1899"]
[BlackElo "2113"]
[PlyCount "51"]
[EventDate "2017.10.22"]
[EventType "team-tourn"]
[EventRounds "11"]
[EventCountry "CZE"]
[SourceTitle "CBM 181 Extra"]
[Source "ChessBase"]
[SourceDate "2017.12.12"]
[SourceVersion "1"]
[SourceVersionDate "2017.12.12"]
[SourceQuality "1"]
[WhiteTeam "Frydek Mistek II"]
[BlackTeam "Stare Mesto"]
[WhiteTeamCountry "CZE"]
[BlackTeamCountry "CZE"]

1. d4 Nf6 2. c4 g6 3. Nc3 Bg7 4. g3 d6 5. Bg2 0-0 6. e3 e5 7. Nge2 Nc6 8. a3 Bg4 9. h3 Bd7 10. b4 Qc8 11. Ra2 Kh8 12. Rd2 Rd8 13. Bb2 exd4 14. Nxd4 Ne5 15. Qe2 a6 16. f4 Nh5 17. fxe5 Nxg3 18. Qf3 Nxh1 19. Bxh1 dxe5 20. Nb3 Bc6 21. Nd5 b5 22. Na5 Qe6 23. Qf1 Rac8 24. Nxc7 Rxd2 25. Nxe6 Rxb2 26. Qxf7 1-0

[Event "CZE-chT2E 1617"]
[Site "Czech Republic"]
[Date "2017.03.19"]
[Round "10.4"]
[White "Horsak, Jan"]
[Black "Balsinek, Pavel"]
[Result "1-0"]
[WhiteElo "2087"]
[BlackElo "2047"]
[PlyCount "83"]
[EventDate "2016.09.10"]
[EventType "team-tourn"]
[EventRounds "11"]
[EventCountry "CZE"]
[SourceTitle "EXT 2022"]
[Source "ChessBase"]
[SourceDate "2021.10.06"]
[SourceVersion "1"]
[SourceVersionDate "2021.10.06"]
[SourceQuality "1"]
[WhiteTeam "Stare Mesto II"]
[BlackTeam "Prusanky Podluzan"]
[WhiteTeamCountry "CZE"]
[BlackTeamCountry "CZE"]

1. c4 e5 2. g3 Nf6 3. Bg2 c6 4. Nf3 d6 5. 0-0 Be7 6. Nc3 0-0 7. d3 Nbd7 8. Rb1 a5 9. a3 Re8 10. b4 axb4 11. axb4 h6 12. Qb3 Nf8 13. b5 Ne6 14. Bb2 Bd7 15. Ba1 Qa5 16. e3 Nc5 17. Qc2 Bf5 18. e4 Bd7 19. d4 exd4 20. Nxd4 Bf8 21. Rfd1 Ng4 22. h3 Ne5 23. Bf1 Ne6 24. Nf5 Qa3 25. Bb2 Qc5 26. Na4 Nf3+ 27. Kg2 Qa7 28. Ra1 Neg5 29. b6 Qa5 30. Bc3 Bxf5 31. exf5 Ne1+ 32. Rxe1 Rxe1 33. Bxe1 Qe5 34. Bc3 Qe7 35. Re1 Qd7 36. Bd2 Nh7 37. Nc3 Ra5 38. Bd3 Ra8 39. Bc1 d5 40. cxd5 cxd5 41. Nb5 Nf6 42. Qc7 1-0

[Event "CZE-chT2E 1617"]
[Site "Czech Republic"]
[Date "2016.10.23"]
[Round "2.4"]
[White "Jires, Jiri"]
[Black "Horsak, Jan"]
[Result "1-0"]
[WhiteElo "1960"]
[BlackElo "2087"]
[PlyCount "91"]
[EventDate "2016.09.10"]
[EventType "team-tourn"]
[EventRounds "11"]
[EventCountry "CZE"]
[SourceTitle "EXT 2022"]
[Source "ChessBase"]
[SourceDate "2021.10.06"]
[SourceVersion "1"]
[SourceVersionDate "2021.10.06"]
[SourceQuality "1"]
[WhiteTeam "Vyskov"]
[BlackTeam "Stare Mesto II"]
[WhiteTeamCountry "CZE"]
[BlackTeamCountry "CZE"]

1. e4 d6 2. d4 g6 3. f4 Nf6 4. Nc3 Bg7 5. Nf3 c5 6. dxc5 Qa5 7. Bd3 Qxc5 8. Qe2 Ng4 9. Nd5 Bd7 10. h3 Nf6 11. Be3 Qc8 12. Bd4 Nxd5 13. exd5 Bxd4 14. Nxd4 Qc5 15. c3 Na6 16. 0-0 Nb4 17. Rae1 Nxd5 18. Be4 Nxf4 19. Rxf4 e5 20. Kh2 0-0 21. Nb3 Qc7 22. Rf6 Be6 23. Qf3 Qe7 24. Rf1 Bf5 25. Rxf5 gxf5 26. Qxf5 f6 27. Na5 Kh8 28. Nxb7 Rab8 29. Nxd6 Rxb2 30. Nc4 Rxa2 31. Nxe5 Re2 32. Qh5 Rg8 33. Nf7+ Kg7 34. Qxe2 Qxf7 35. Qg4+ Kh8 36. Qf5 Rf8 37. Rd1 Qc7+ 38. Kh1 Rf7 39. Rd5 Qe7 40. Qc8+ Rf8 41. Qf5 Rf7 42. Rb5 Qd6 43. Qd5 Qxd5 44. Bxd5 Rd7 45. Rb8+ Kg7 46. Rb7 1-0